000 00621nam a2200181Ia 4500
008 090630s9999 xx 000 0 und d
082 _b28340
100 _aराय यश अनु. जोशी कुमुद.
245 _aतुळस.
_cराय यश अनु. जोशी कुमुद.
260 _bगाला जे. एल.
_c1991
300 _a96
600 _aराय यश अनु. जोशी कुमुद.
630 _aतुळस.
655 _aइतर.
700 _aराय यश अनु. जोशी कुमुद.
730 _aतुळस.
942 _cBOOK
999 _c280196
_d280196